| LEADER | 01411nam a2200241 4500 | ||
|---|---|---|---|
| 082 | |a 342.59707 |b H428đ. | ||
| 100 | |a Dương Bạch Long | ||
| 245 | |a Hỏi đáp về luật bầu cử đại biểu hội đồng nhân dân |c Dương Bạch Long, Nguyễn Quang Hưng, Nguyễn Mạnh Cường, Nguyễn Thanh Tùng | ||
| 260 | |a H. |b Chính trị Quốc gia |c 2004 | ||
| 300 | |a 236 tr. |c 19 cm | ||
| 520 | |a v.v... | ||
| 653 | |a Pháp luật | ||
| 653 | |a Việt Nam | ||
| 653 | |a Luật bầu cử | ||
| 653 | |a câu hỏi | ||
| 653 | |a trả lời | ||
| 942 | |2 ddc |c STK0 | ||
| 999 | |c 9540 |d 9540 | ||
| 952 | |0 0 |1 0 |2 ddc |4 0 |6 342_597070000000000_H428Đ |7 0 |8 300 |9 76134 |a qbu |b qbu |c D2 |d 2015-05-25 |g 17000 |o 342.59707 H428đ. |p 9662.c1 |r 0000-00-00 |w 2015-05-25 |y STK0 | ||
| 952 | |0 0 |1 0 |2 ddc |4 0 |6 342_597070000000000_H428Đ |7 0 |8 300 |9 76135 |a qbu |b qbu |c D2 |d 2015-05-25 |g 17000 |l 1 |o 342.59707 H428đ. |p 9662.c2 |r 2015-11-30 |s 2015-11-25 |w 2015-05-25 |y STK0 | ||
| 952 | |0 0 |1 0 |2 ddc |4 0 |6 342_597070000000000_H428Đ |7 0 |8 300 |9 76136 |a qbu |b qbu |c D2 |d 2015-05-25 |g 17000 |o 342.59707 H428đ. |p 9662.c3 |r 0000-00-00 |w 2015-05-25 |y STK0 | ||
| 952 | |0 0 |1 0 |2 ddc |4 0 |6 342_597070000000000_H428Đ |7 0 |8 300 |9 76137 |a qbu |b qbu |c D2 |d 2015-05-25 |g 17000 |o 342.59707 H428đ. |p 9662.c4 |r 0000-00-00 |w 2015-05-25 |y STK0 | ||
| 952 | |0 0 |1 0 |2 ddc |4 0 |6 342_597070000000000_H428Đ |7 0 |8 300 |9 76138 |a qbu |b qbu |c D2 |d 2015-05-25 |g 17000 |o 342.59707 H428đ. |p 9662.c5 |r 0000-00-00 |w 2015-05-25 |y STK0 | ||